| 000 | 00400cam a2200181ua 4500 | ||
|---|---|---|---|
| 020 | _c3.00 | ||
| 041 |
_ahin _h |
||
| 082 |
_a891.54 _bKAL/RA |
||
| 100 | _aKalidas, . | ||
| 245 |
_aRaguvamsh / _cKalidas. _hTextual Documents |
||
| 250 |
_a3 / _b. |
||
| 260 |
_a : _bRajpal and Sanch , _c1960. |
||
| 300 | _a184 ; . | ||
| 365 | _a3.00 | ||
| 504 | _a | ||
| 942 | _cBK | ||
| 999 |
_c8143 _d8143 |
||